=LDR 00000nam 2200000 4500 =001 INLIS000000000025020 =005 20130612123548 =008 ***********************************Ind** =035 ##$$0010-061300000025020 =041 ##$$a Ind =082 ##$$a 915.98 =090 ##$$a 915.98, Ros p =100 ##$$a Larose =245 ##$$a Pandangan perempuan tentang indonesia baru =260 ##$$a [S.a] $b Jakarta =300 ##$$a 179 hlm, 21 cm =650 ##$$a Sejarah =850 ##$$a NBPNMAT